Civilisations précolombiennes d'Amérique du nord - Statistiques

Statistiques générales
  • Ce quiz a été pris 56 fois
  • Le résultat moyen est 3 sur 18
Statistiques - réponses
Hint Réponse % Correct
Mésoamérique Aztèques
96%
Mésoamérique Mayas
94%
Mésoamérique Olmèques
52%
Mésoamérique Toltèques
42%
Mésoamérique Zapotèques
19%
Mésoamérique Mixtèques
13%
Mésoamérique Teotihuacan
13%
Vallée du Mississipi Adena
2%
Oasisamérique Anasazis
2%
Aridoamérique Chichimèques
2%
Oasisamérique Hohokams
2%
Vallée du Mississipi Hopewells
2%
Mésoamérique Huastèques
2%
Oasisamérique Pueblos
2%
Mésoamérique Tarasques
2%
Mésoamérique Totonaques
2%
Oasisamérique Culture Fremont
0%
Oasisamérique Mogollon
0%
Aucun quiz correspondant
Distribution des résultats
% des personnes avec chaque résultat
Percentile par nombre de réponses
Votre historique - résultats
Vous n’avez pas pris ce quiz